00933nas a2200253 a 4500003000700000005001700007008004100024020001800065022001400083040003700097050001600134082001600150110006400166245010000230260008000330300001700410350000900427500005100436650003500487650003700522942001600559999001700575952008700592CBULib20240513080727.0100618c20109999||||||||||||||||| ||    u  a9789211127959  a1995-6088  aLCbEnglishcCBUlibdCBUliberda  aUN-CTAD(08)  aUN-CTAD(08)  aUnited Nations Conference on Trade and Development (UNCTAD)10aPromoting Foreign Investment in Tourismc/By United Nations Conference on Trade and Development  aNew YorkbUnited Nations Conference on Trade and Development (UNCTAD)c2010  avii, 67Pages  a0.00  aInvestment advisory series, series A, number 5  aINVESTMENTS, FOREIGN - TOURISM 0aINVESTMENT ADVISORY SERIES92916  2lccc029n0  c55074d55074  00102lcc4070a001b001d2022-11-30l0oUN-CTAD(08)r2022-11-30w2022-11-30y002